Statistiche per Trasferimenti più costosi - Stagione 2018-2019

Clicka qui per fare il quiz!

Statistiche generali

  • Questo quiz è stato fatto 21 volte
  • Il punteggio medio è 15 su 20

Statistiche sulle risposte

Costo (M €)DaANazioneCalciatore% Corretto
117Real MadridJuventusPortogalloCristiano Ronaldo
100%
180MonacoParis Saint-GermainFranciaKylian Mbappé
100%
67,80Leicester CityManchester CityAlgeruaRiyad Mahrez
95%
62,50RomaLiverpoolBrasileAlisson
89%
64Borussia DortmundChelseaStati UnitiChristian Pulisic
89%
40,40ValenciaJuventusPortogalloJoão Cancelo
89%
57NapoliChelseaBrasile/ItaliaJorginho
89%
80Atheltic BilbaoChelseaSpagnaKepa Arrizabalaga
84%
45FlamengoReal MadridBrasileVinicius Jr
84%
40Bayern MonacoJuventusBrasileDouglas Costa
79%
60Red Bull LipsiaLiverpoolGuineaNaby Keita
79%
42SampdoriaRomaRepubblica CecaPatrik Schick
79%
45MonacoLiverpoolBrasileFabinho
74%
59Shakhtar DonetskManchester UnitedBrasileFred
74%
72MonacoAtletico MadridFranciaThomas Lemar
68%
40ZenitParis Saint-GermainArgentinaLeandro Paredes
63%
39,20WatfordEvertonBrasileRicharlison
63%
41BordeauxBarcellonaBrasileMalcom
53%
42BarcellonaGZ EvergrandeBrasilePaulinho
47%
40Paris Saint-GermainValenciaPortogalloGonçalo Guedes
37%

Distribuzione punteggi

Percentile per numero di risposta

Percentuale di utenti per punteggio

I tuoi punteggi nel tempo

Non hai fatto questo quiz